Logische Propadeutik : oder Vorschule des vernunftigen Redens

Αποθηκεύτηκε σε:
Λεπτομέρειες βιβλιογραφικής εγγραφής
Κύριος συγγραφέας: Kamlah, Wilhelm
Άλλοι συγγραφείς: Lorenzen, Paul, 1915-1994
Μορφή: Βιβλίο
Γλώσσα:German
Δημοσίευση: Mannheim : Bibliographisches Institut, c1967
Σειρά:B.I.-Hochschultaschenbucher ; ; 227/227a
Θέματα:
Ετικέτες: Προσθήκη ετικέτας
Δεν υπάρχουν, Καταχωρήστε ετικέτα πρώτοι!

MARC

LEADER 00000cam a2200000 i 4500
001 1/103501
008 090331s1967 ger d
035 |l 10104072 
040 |a GR-MY-UA  |b gre  |e aacr 
041 0 |a ger 
082 0 |a 160  |2 (22) 
100 1 |a Kamlah, Wilhelm. 
245 1 0 |a Logische Propadeutik :  |b oder Vorschule des vernunftigen Redens /  |c Wilhelm Kamlah und Paul Lorenzen 
260 |a Mannheim :   |b Bibliographisches Institut,   |c c1967 
300 |a 242 σ.;  |c 19 εκ. 
490 1 |a B.I.-Hochschultaschenbucher  |v ; 227/227a 
504 |a Περιέχει ευρετήριο 
650 0 0 |a Logic. 
700 1 |a Lorenzen, Paul,   |d 1915-1994. 
830 0 |a B.I.-Hochschultaschenbucher ;  |v ; 227/227a 
852 |a INST  |b SAMOS  |c MAG  |e 20090331  |h 160 KAM  |p 005300029012  |q 005300029012  |t BK  |y 0 
901 |a BIBL3-2009-1 
909 |a Σ  |b 155967 
970 |a ΡΟΥΣΣΟΥ  |b ΚΩΝΣΤΑΝΤΙΝΑ  |z 2009/03/31